| Поле | Инд. | ПП | Название | Значение |
|---|---|---|---|---|
| Тип записи | a | |||
| Библиографический уровень | m | |||
| 001 | Контрольный номер | f23815ca84334c90a8ad03011235da04 | ||
| 005 | Дата корректировки | 20240424114745.0 | ||
| 020 | a | ISBN | 978-985-17-2427-3 | |
| c | Цена, тираж | 93-00 | ||
| 084 | a | Индекс другой классификации/Индекс ББК | 84.2 | |
| 090 | a | Полочн. индекс | 84.2 | |
| c | Каталожный индекс | 84.2 | ||
| x | Авторский знак | К 93 | ||
| 091 | i | Возрастная адресация (DOS) | 0+ | |
| 097 | b | Оператор | Кондратьева | |
| 245 | 10 | a | Заглавие | Курочка-работница |
| b | Продолж. заглавия | русская народная сказка : [0+] | ||
| c | Ответственность | художники : В. Пустовалов, И. Пустовалова | ||
| 260 | a | Место издания | Минск | |
| b | Издательство | Книжный Дом | ||
| c | Дата издания | 2023 | ||
| 300 | a | Объем | 10 с. | |
| b | Иллюстрации/ тип воспроизводства | ил. | ||
| 440 | _0 | a | Серия | Чи-та-ем по сло-гам |
| 900 | a | Имя макрообъекта | курочка1 | |
| 901 | t | Тип документа | m |